Mediterranean Island Hopping Quiz Stats

 Plays Quiz Updated Dec 29, 2018

Support Sporcle.
Go Orange.
Score 0/25 Timer 05:00
10 Plays Today
% Correct
Cyprus
94.6%
Sicily
94%
Crete
93.8%
Malta
93.3%
Corsica
92.8%
Sardinia
92.1%
Mykonos
89.4%
Majorca
87.1%
Capri
86.5%
Ibiza
86.4%
Rhodes
85.9%
Santorini
85.6%
Lesbos
85.5%
% Correct
Corfu
84.6%
Menorca
81.8%
Kos
78.8%
Elba
78.4%
Ios
75.1%
Ithaca
73.2%
Kefalonia
71.8%
Stromboli
66.7%
Euboea
55.2%
Hvar
42.2%
Krk
41.4%
Djerba
36.7%

From the Vault

Finish the Famous Joke

by MSUKent

This is bound to stir up some trouble.
Remove Ads.
Support Sporcle.
Get the best of Sporcle when you Go Orange. This ad-free experience offers more features, more stats, and more fun while also helping to support Sporcle. Thank you for becoming a member.

Show Comments

Extras

Top Quizzes Today


Score Distribution

Your Account Isn't Verified!

In order to create a playlist on Sporcle, you need to verify the email address you used during registration. Go to your Sporcle Settings to finish the process.

Report this User

Report this user for behavior that violates our Community Guidelines.

Details: